Persia : protoiranios, medos, aqueménidas /

El universo de las formas es una colección publicada por editorial Aguilar en veintiocho volúmenes, incompleta en biblioteca, que trata sobre las características y esplendor de las expresiones artísticas en diferentes lugares del mundo y en épocas históricas distintas. Cada uno viene ilustrado en su...

Ausführliche Beschreibung

Gespeichert in:
Bibliographische Detailangaben
1. Verfasser: Ghirshman, Roman (autor)
Weitere Verfasser: Hoyo, Arturo del (traducción) (traducción)
Format: Buch
Sprache:Spanisch
Veröffentlicht: Madrid, España : Aguilar, 1964, c1964
Schriftenreihe:(El Universo de las Formas)
Schlagworte:
Tags: Tag hinzufügen
Keine Tags, Fügen Sie das erste Tag hinzu!

MARC

LEADER 00000nam^a2200000^a^4500
001 000102978
005 20250521000000.0
009 20260310093330.484
037 |a Acervo ITESO - Biblioteca 
041 |a ESP 
082 |a 709.  |b UNI V. 4 
100 |a Ghirshman, Roman  |e (autor) 
240 1 4 |a [El universo de las formas] 
245 1 0 |a Persia :  |b protoiranios, medos, aqueménidas /  |c R. Ghirshman ; tr. por A. del Hoyo. 
264 4 |a Madrid, España :  |b Aguilar,  |c 1964, c1964 
300 |a 441 p. 
336 |a texto  |b txt  |2 rdacontenido 
337 |a sin mediación  |b n  |2 rdamedio 
338 |a volumen  |b nc  |2 rdasoporte 
440 4 |a (El Universo de las Formas) 
520 |a El universo de las formas es una colección publicada por editorial Aguilar en veintiocho volúmenes, incompleta en biblioteca, que trata sobre las características y esplendor de las expresiones artísticas en diferentes lugares del mundo y en épocas históricas distintas. Cada uno viene ilustrado en su mayoría con láminas en blanco y negro, y en menor medida a color. El número de volumen es asignado según fueron clasificándose. 
520 |a Obra en torno al arte persa, cuya magnificencia pone de manifiesto el esplendor y poderío del imperio y cuyos alcances se extendieron no sólo a Occidente, sino también a lugares tan remotos como la India. 
649 |a XX 
650 |a Arte Persa -  |x Historia y Crítica -  |x Tema Principal 
650 |a Arte Iraní -  |x HistoriTa y Crítica 
650 |a Irán -  |x Historia -  |y Imperio Medo, 625-550 a.C. 
650 |a Irán -  |x Historia -  |y Imperio Persa Aqueménida, 550-330 a.C. 
650 |a Irán -  |x Historia Antigua 
700 |a Hoyo, Arturo del  |e (traducción) 
910 |a Fondo Salvador Reynoso Reynoso 
920 |a Impresos - Libros 
930 |a Fondos Especiales 
905 |a 112 
901 |a 0500040330  |b IT2  |c ESP  |u 20250521 
902 |a https://opac.biblio.iteso.mx/vufind/Record/000102978